European Countries with the Oldest Population - Statistics

General Stats
  • This quiz has been taken 582 times
  • The average score is 6 of 10
Answer Stats
Average age Country % Correct
45.5 Italy
86%
47.1 Germany
83%
44.5 Greece
75%
53.1 Monaco
73%
44.4 San Marino
68%
44 Austria
65%
44.3 Andorra
60%
43.6 Latvia
46%
44.5 Slovenia
46%
43.7 Lithuania
43%
No matching quizzes found
Score Distribution
Percent of People with Each Score
Percentile by Number Answered
Your Score History
You have not taken this quiz